Cuentos Norte-americanos
Sparad:
| Huvudupphovsman: | |
|---|---|
| Materialtyp: | Bok |
| Språk: | Undetermined |
| Publicerad: |
New York, Estados Unidos
Thomas Y Crowell
1956
|
| Ämnen: | |
| Taggar: |
Lägg till en tagg
Inga taggar, Lägg till första taggen!
|
MARC
| LEADER | 00000nam a2200000Ia 4500 | ||
|---|---|---|---|
| 008 | 170316s9999 xx 000 0 und d | ||
| 999 | |c 5527 |d 5527 | ||
| 040 | |a cru BVZT | ||
| 090 | |a 810 C-5c | ||
| 100 | |a Canter, Jacob | ||
| 245 | |a Cuentos Norte-americanos |c / Jacob Canter | ||
| 260 | |a New York, Estados Unidos |b Thomas Y Crowell |c 1956 | ||
| 300 | |a 115 páginas | ||
| 650 | |a LITERATURA ESTADOUNIDENSE |9 25 | ||
| 650 | |a ANTOLOGÍA |9 80 | ||
| 942 | |c 15 D |h 810 C-5c |2 z | ||
